000
00235nam a2200097Ia 4500
005
20251222114358.0
008
251222s1900||||xx |||||||||||||| ||spa||
082
_a
DVD0170/P75/2005
245
0
_a
La intérprete:The interpreter
942
_c
DVD
999
_c
1539
_d
1539